Tough Choices Living and Dying in the Twenty-First Century /

Bibliographic Details
Main Author: McTeer, Maureen A.
Format: eBook
Language:English
Published: Toronto: Irwin Law Inc., 1999
Subjects:
Online Access:Acceso restringido

MARC

LEADER 00000nam a22000007a 4500
005 2021090100300.0
007 cr|||| ||||
008 210901s1999 ca |||||s|||| 00||0 eng d
020 |a 9781459313910 
035 |a 35335 
040 |a vLex 
090 |c 12197  |d 12197 
100 1 |a McTeer, Maureen A. 
245 1 0 |a Tough Choices  |h [Recurso electrn̤ico] :  |b Living and Dying in the Twenty-First Century /  |c Maureen A. McTeer 
256 |a Servicio en ln̕ea 
260 |a Toronto:  |b Irwin Law Inc.,  |c 1999 
300 |a 1 recurso electrn̤ico 
500 |a The achievements of medical science in the last years of the twentieth century are staggering. From research on human embryos to the commercialization of life, from genetic testing to genetically engineered foods, from organ transplants to assisted suicide and euthanasia, medical technology now touches us intimately at every stage of our lives. We now have the unprecedented power to create, manipulate, and alter human life in the laboratory. Our very definitions of who we are and what it means to be human are challenged. How do we balance the ability of science and technology to enhance our lives with the obligation to protect our individual and collective interests? This is perhaps the most important question facing individuals and policy makers as we enter a new millennium. In Tough Choices: Living and Dying in the 21st Century, Maureen McTeer addresses this question and seeks to make sense of the flood of information and points of view that confront us on these issues. As a lawyer, teacher, and political activist, few Canadians are in a better position to examine the legal and ethical dilemmas with which we are faced. Tough Choices: Living and Dying in the 21st Century is a wake-up call to Canadians to participate in the debate, the outcome of which will surely affect every aspect of our lives. The book is written not only for lawyers and health professionsls. As Ms. McTeer points out, everyone of us will be affected by the scope and promise of science and technology. This book is intended to provide Canadians with some of the tools to make the tough choices that these scientific and technological developments present to us in our personal lives and in the arena of public policy. 
506 1 |a Disponible solo en los productos indicados  |d vLex Global  |d vLex Global (Academic Edition, excluding Law Schools)  |d vLex Global (U.S. Academic Edition, Law Schools)  |d vLex Global (U.S. Academic Edition, excluding Law Schools)  |d vLex Global (Academic Edition, Law Schools) 
650 0 4 |a Derecho Comunitario  |z Canad̀ 
740 0 |a vLex Libros (Servicio en ln̕ea) 
856 4 0 |u https://app.vlex.com/#/sources/35335  |z Acceso restringido 
942 |c BOOK 
999 0 |a Community Law